|
|
|
|
| LEADER |
00976nam a2200241 a 4500 |
| 001 |
13797222 |
| 008 |
120722s2004 enk b 001 0 eng d |
| 010 |
|
|
|a 2004275554
|
| 020 |
|
|
|a 9780340807163
|
| 020 |
|
|
|a 0340807164
|
| 040 |
|
|
|a DLC
|c DLC
|d DLC
|d BD-DhAAL
|
| 082 |
0 |
0 |
|a 415
|2 22
|
| 100 |
1 |
|
|a Thompson, Geoff,
|d 1947-
|
| 245 |
1 |
0 |
|a Introducing functional grammar /
|c Geoff Thompson.
|
| 250 |
|
|
|a 2nd ed.
|
| 260 |
|
|
|a London :
|b Arnold ;
|b HodderEducation ;
|a New York :
|b Distributed in the USA by Oxford University Press ;
|c c2004.
|
| 300 |
|
|
|a x, 300 p. ;
|c 24 cm.
|
| 504 |
|
|
|a Includes bibliographical references (p. [288]-292) and index.
|
| 541 |
|
|
|a 00025618
|
| 650 |
|
0 |
|a Functionalism (Linguistics)
|
| 852 |
1 |
|
|a Ayesha Abed Library
|j General shelf
|
| 999 |
|
|
|c 12594
|d 12594
|
| 952 |
|
|
|0 0
|1 4
|4 0
|6 415_000000000000000_THO
|7 0
|9 20787
|a BRACUL
|b BRACUL
|c GEN
|d 2012-07-21
|e Riza Enterprize
|g 3600.00
|l 1
|o 415 THO
|p 3010025618
|r 2012-09-11
|s 2012-09-11
|t 1
|w 2012-07-21
|y BK
|x Koha Inventory 2020
|